00540nas a2200193Ia 450000100030000000800410000304100130004424500170005726000240007431000140009850000350011254100310014759100100017859200110018836200210019994200070022095201020022799900170032956151030s9999 xx 000 0 und d0 aInglés10aJubilee News aInglaterra : Varios aIrregular aUbicación: Hemeroteca VARIOS aVarioscDonacióndh3500 aFALSO avarios1 aNo. 50 (2001)Ì cCR 00102ddc40708HEMaFUSBCbFUSBCd2005-01-17l0o pR14370r2016-01-26 00:00:00w2016-01-26yCR c49496d49496